000 00561nam a2200193 4500
005 20150310155208.0
007 000
008 000
020 _a0330254804
040 _aUOEL
050 _aQK101
_bP3 1978
100 _aPhillips, Roger
245 _aTress in Britain :
_bEurope and North America /
_cRoger Phillips, assisted by Sheila Grant, edited by Tom Wellsted, line drawings by John White
260 _aLondon ;
_bWard Lock Ltd ,
_cc1978.
300 _a224 p. :
_bill. (some col.)
500 _aIncludes index
650 _aTrees
_xBotany
942 _2lcc
_cLL
999 _c2754
_d2754